Introducao historica a biologia comparada com especial referencia a biogeografia (Registro nro. 570)
[ vista simple ]
| 000 -CABECERA | |
|---|---|
| Campo de control | 00660nam a2200205 a 4500 |
| 005 - FECHA Y HORA DE LA ULTIMA TRANSACCION | |
| Campo de control | 20170925093239.0 |
| 008 - ELEMENTOS DE LONGITUD FIJA—INFORMACION GENERAL | |
| Campo de control | 140221b1989 bl ||||| |||| 00| 0 por d |
| 040 ## - FUENTE DE CATALOGACIÓN | |
| Agencia catalogadora original | CO-BoIAVH |
| Agencia transcriptora | CO-BoIAVH |
| 041 ## - IDIOMA | |
| Código de idioma para texto/pista de sonido o título separado | Portugués |
| 044 ## - PAÍS DE PUBLICACIÓN | |
| País de publicación | Brasil |
| 082 ## - NUMERO DE CLASIFICACION DECIMAL DEWEY | |
| Número de clasificación | 578.09 |
| Número del ítem | P21i |
| 100 ## - ASIENTO PRINCIPAL--NOMBRE PERSONAL | |
| Nombre personal | Papavero, Nelson |
| 9 (RLIN) | 84816 |
| 245 ## - MENCION DE TITULO | |
| Título | Introducao historica a biologia comparada com especial referencia a biogeografia |
| Parte restante del título | a Idade Média |
| 260 ## - PUBLICACION, DISTRIBUCION, ETC. (PIE DE IMPRENTA) | |
| Lugar de publicación, distribución, etc. | Río de Janeiro |
| Nombre del editor, distribuidor, etc. | Editora Universitaria Santa Ursula |
| Fecha de publicación, distribución, etc. | 1989 |
| 300 ## - DESCRIPCION FISICA | |
| Extensión | 219 páginas |
| Otros detalles físicos | 20 x 14 cm |
| 650 14 - ASIENTO SECUNDARIO DE MATERIA - TERMINO TEMATICO | |
| Término temático o nombre geográfico como elemento de entrada | Historia de la biología |
| 9 (RLIN) | 84817 |
| 650 14 - ASIENTO SECUNDARIO DE MATERIA - TERMINO TEMATICO | |
| Término temático o nombre geográfico como elemento de entrada | Biología comparada |
| 9 (RLIN) | 8064 |
| 650 14 - ASIENTO SECUNDARIO DE MATERIA - TERMINO TEMATICO | |
| Término temático o nombre geográfico como elemento de entrada | Biogeografía |
| 9 (RLIN) | 84818 |
| 942 ## - ELEMENTOS ADICIONALES (KOHA) | |
| Tipo de ítem | Libro |
| Sistema de clasificación | Dewey Decimal Classification |
| Withdrawn status | Lost status | Sistema de Clasificación | Damaged status | No para préstamo | Colección | Inventariado | Ubicación Permanente | Ubicación actual | Fecha de adquisición | Fuente de Valor | Total Checkouts | Número topográfico | Inventario / Código de Barras | Date last seen | Ejemplar | Price effective from | Forma de adquisición | Tipo de material |
|---|---|---|---|---|---|---|---|---|---|---|---|---|---|---|---|---|---|---|
| Dewey Decimal Classification | General | Inventariado 2017 | Sala Fabio Quevedo | Sala Fabio Quevedo | 01/09/1998 | www.estantevirtual.com.br | LB-578.09 P21i | 000802 | 04/12/2012 | Ej. 1 | 04/12/2012 | Donación | Libro |